000
00303 a2200133 4500
000
nam a22 7a 4500
100
_a
Sullivan, Asher
110
_a
Sullivan, Asher
245
_a
International Law
250
_a
Latest edition
260
_b
Oxford
_c
2025
264
_b
Oxford
_c
2025
942
_c
BK
999
_c
396192
_d
396192